| 000 | 00931nam a2200265 a 4500 | ||
|---|---|---|---|
| 001 | 000040967 | ||
| 005 | 20201002034520.0 | ||
| 008 | 130902s1984 sp ac 000 0bspa d | ||
| 020 | _a8434581604 | ||
| 040 |
_aDO-SdBNP _bspa _cBNPHU |
||
| 082 |
_a851 _bD192L |
||
| 100 | 1 |
_aLeonhard, Kurt _967397 |
|
| 240 | 1 | 0 |
_aDante, _lspa |
| 245 | 1 | 0 |
_aDante / _cKurt Leonhard; prólogo, Ángel Crespo; traducción, Rosa Pilar Blanco. |
| 260 |
_aBarcelona : _bSalvat, _c1984. |
||
| 300 |
_a213 p. : _bil., retrs. ; _c20 cm. |
||
| 490 | 1 |
_aBiblioteca Salvat de grandes biografías _v15 |
|
| 504 | _aBibliografía p: 213 | ||
| 600 | 1 | 4 |
_aDANTE ALIGHIERI _d1265-1321 _94992 |
| 650 | 4 |
_aEscritores italianos _vBIOGRAFÍAS _967398 |
|
| 700 | 1 | 2 |
_aCrespo, Ángel _d1926-1995 _eprol. _967399 |
| 700 | 1 | 2 |
_aPilar Blanco, Rosa _etrad. _950113 |
| 830 | 0 |
_aBiblioteca Salvat de grandes biografías _v15 _942025 |
|
| 910 | _aValidado. Control de calidad MFF | ||
| 999 |
_c40457 _d40457 |
||